Welcome to CU Library Online Public Access Catalogue (OPAC)

Hebrew in Ashkenaz : (Record no. 1969)

MARC details
000 -LEADER
fixed length control field 00736pam a2200217 a 4500
001 - CONTROL NUMBER
control field 2502704
005 - DATE AND TIME OF LATEST TRANSACTION
control field 20241205113904.0
008 - FIXED-LENGTH DATA ELEMENTS--GENERAL INFORMATION
fixed length control field 920124s1993 nyu b 000 0 eng
020 ## - INTERNATIONAL STANDARD BOOK NUMBER
International Standard Book Number 0195062221
050 00 - LIBRARY OF CONGRESS CALL NUMBER
Classification number PJ4515
Item number .H44 1993
082 00 - DEWEY DECIMAL CLASSIFICATION NUMBER
Classification number 306.4/4/08992404
Edition information 20
245 00 - TITLE STATEMENT
Title Hebrew in Ashkenaz :
Remainder of title a language in exile /
Statement of responsibility, etc. edited by Lewis Glinert.
260 ## - PUBLICATION, DISTRIBUTION, ETC.
Place of publication, distribution, etc. New York :
Name of publisher, distributor, etc. Oxford University Press,
Date of publication, distribution, etc. 1993.
300 ## - PHYSICAL DESCRIPTION
Extent x, 264 p. ;
Dimensions 24 cm.
650 #0 - SUBJECT ADDED ENTRY--TOPICAL TERM
Topical term or geographic name entry element Hebrew language
Geographic subdivision Europe
General subdivision History.
650 #0 - SUBJECT ADDED ENTRY--TOPICAL TERM
Topical term or geographic name entry element Hebrew language
General subdivision Social aspects.
650 #0 - SUBJECT ADDED ENTRY--TOPICAL TERM
Topical term or geographic name entry element Hebrew language
General subdivision Revival.
700 1# - ADDED ENTRY--PERSONAL NAME
Personal name Glinert, Lewis.
856 42 - ELECTRONIC LOCATION AND ACCESS
Materials specified Publisher description
Uniform Resource Identifier <a href="http://www.loc.gov/catdir/enhancements/fy0638/92002831-d.html">http://www.loc.gov/catdir/enhancements/fy0638/92002831-d.html</a>
942 ## - ADDED ENTRY ELEMENTS (KOHA)
Source of classification or shelving scheme Library of Congress Classification
Koha item type Books
Suppress in OPAC No
999 ## -
-- 1969
-- 1969
Holdings
Withdrawn status Lost status Source of classification or shelving scheme Damaged status Not for loan Collection Home library Current library Shelving location Date acquired Total checkouts Full call number Barcode Date last seen Price effective from Koha item type
    Library of Congress Classification     Non-fiction Undergraduate Library (Christ Temple) Undergraduate Library (Christ Temple) General stacks 12/05/2024   PJ4515 HEB lct00000519 12/05/2024 12/05/2024 Books
© 2023-2024 Copyright: Central University Libraries. All Rights Reserved | Created by: Mahone Tech Office